000 00675nam a2200241Ia 4500
005 20260430150532.0
008 008 250103s9999 xx 000 0 eng d
037 _aTheses
040 _aCRL
040 _beng
040 _ceng
041 _2eng
041 _aeng
084 _qCRL
100 _aSuman Saurabh Au.; Pandey Bindhy Wasini
_91237782
245 0 _aLivelihood Vulnerability and Resilience to Natural Hazards in Rudraprayag District, Uttarakhand
260 _c2024
300 _a221p.
650 _aGeography
700 _aUniversity of Delhi. Faculty of Social Sciences. Deptt. of Geography
_91237405
942 _cTH
999 _c1850016
_d1850016